| 000 | 01250cab a22002175a 4500 | ||
|---|---|---|---|
| 001 | L153769 | ||
| 008 | 110830e20110819xxk 000 0 eng d | ||
| 035 | _a(Sirsi) u153769 | ||
| 041 | 0 | _aeng | |
| 100 | 1 | _aHatcher, David | |
| 245 | 0 | 0 |
_aMarkets _bScotland |
| 260 | _c2011 | ||
| 490 | 0 |
_aProperty Week _v77(33) 19 August 2011, 35-42(6) |
|
| 520 | _aLand Securities have signed up three retailers for its 185-221 Buchanan Street development. Only two offices schemes currently under construction in Edinburgh. Energy industry boost Aberdeen's office space requirement to 450 000 sq ft. Investors Manse and Resonance Capital are planning to expand their Scottish portfolios. Livingstone's Schuh Group footwear retailer seeks to double its 59 UK stores over the next few years. Sovereign and Area hope to attract restaurants and cafes to increase footfall at their Ayr Central shopping centre. Kirkwood Investments is due to buy a 91 acre site in Inverurie for International Paper in November. | ||
| 590 | _aKA | ||
| 651 | 4 |
_aScotland _y1999- |
|
| 690 | _aPROPERTY-COMMERCIAL PROPERTY-COMMERCIAL PROPERTY MARKET | ||
| 690 | _aPROPERTY-COMMERCIAL PROPERTY-COMMERCIAL PROPERTY FINANCE AND INVESTMENT | ||
| 700 | 1 | _aSmart, Michael | |
| 942 | _n0 | ||
| 999 |
_c83365 _d83365 |
||